000 00219 a2200097 4500
001 37857
100 _aMarkus J
245 _aMcGraw Hill electrical dictionary
260 _aUSA
_bMcGraw-Hill
_c
090 _c24050
_d24050
942 _aNUST-CAE
_cM
_c15615
999 _c272930
_d272930